Personnages de fort Boyard Par Images - Statistiques

Statistiques générales
  • Ce quiz a été pris 106 fois
  • Le résultat moyen est 10 sur 15
Statistiques - réponses
Par images Réponse % Correct
Passe murail
100%
Passe partout
99%
Père Fouras
97%
Felindra
94%
Blanche
90%
Rouge
85%
Willy rovelli
80%
Lady boo
72%
Big boo
64%
Cyril gossbo
63%
Little boo
53%
Mégagaf'
53%
Magik
29%
Passe oussakass
24%
Gary boo
14%
Aucun quiz correspondant
Distribution des résultats
% des personnes avec chaque résultat
Percentile par nombre de réponses
Votre historique - résultats
Vous n’avez pas pris ce quiz